000 00400pam a2200145a 44500
008 230405s2006 xxu||||| |||| 00| 0 eng d
020 _a8180616177
_cRs. 75
082 _a616.0076
_bVAI
100 _aVaidyanathan, Rajeshwari
245 _aMCQs 3-in-1 Basic Health Nursing
260 _aNew Delhi
_bJaypee Brothers Medical Publishers
_c2006
300 _a115 p
502 _atext
906 _a000155
999 _c248881
_d248881